| 000 | 00795nam a2200241 a 4500 | ||
|---|---|---|---|
| 008 | 951213s1978||||[C 0 slo c | ||
| 020 |
_c13 Kčs. _q(34000 výtl.) |
||
| 040 |
_aSNK _bslo _cSNK _eAACR2 |
||
| 041 | 1 |
_aslo _hita |
|
| 044 |
_axo _cSK |
||
| 080 | _a850-3 | ||
| 100 | 1 |
_aLavagnino, Alessandra _4aut |
|
| 245 | 1 | 0 |
_aMrazená káva so šľahačkou _cAlessandra Lavagnino ; Mária Štefánková, Mária Dusíková, Jozef Gális |
| 250 | _a1., vyd. | ||
| 260 |
_aBratislava _bSmena _c1978 _eBanská Bystrica _fTlačiarne SNP |
||
| 300 |
_a103 s., 6,17 AH _c20 cm |
||
| 490 | 0 |
_aEva _vZv. 57. |
|
| 500 | _aIlustr. na front. Text. a ilustr. na predsádkach. | ||
| 700 | 1 |
_aŠtefánková, Mária _4trl |
|
| 700 | 1 |
_aDusíková, Mária _4bkd |
|
| 700 | 1 |
_aGális, Jozef _4bkd |
|
| 958 | _aA | ||
| 999 |
_c11969 _d11969 |
||